000 00613nam a2200193 i 4500
001 76671
003 ES-MaACL
007 t|
008 041004s1985 sp ||||1| spa d
020 _a84-7423-6
100 1 _aGuillén, Claudio.
_960762
245 1 0 _aEntre lo uno y lo diverso
_b: introducción a la literatura comparada /
_cClaudio Guillén.
260 _aBarcelona :
_bCrítica,
_c1985.
300 _a517 p. ;
_c20 cm.
490 1 _aFilología (Editorial Crítica) ;
_v14
830 0 _aFilología (Editorial Crítica) ;
_v14
_9231312
852 _aES-MaACL
_jL-7846
_bR.108404
999 _c76671
_d76671